<?xml version="1.0" encoding="UTF-8"?>
<collection xmlns="http://www.loc.gov/MARC21/slim">
 <record>
  <leader>01628nam a2200253 a 4500</leader>
  <controlfield tag="001">1/45627</controlfield>
  <controlfield tag="008">141127s2001    gr       b    00010 gre  </controlfield>
  <datafield tag="035" ind1=" " ind2=" ">
   <subfield code="l">48591</subfield>
  </datafield>
  <datafield tag="040" ind1=" " ind2=" ">
   <subfield code="a">GR-PeUP</subfield>
  </datafield>
  <datafield tag="082" ind1="0" ind2="0">
   <subfield code="a">361.61 ΣΠΑ</subfield>
  </datafield>
  <datafield tag="100" ind1="1" ind2=" ">
   <subfield code="a">Σπαρσής, Μίκης.</subfield>
  </datafield>
  <datafield tag="245" ind1="1" ind2="0">
   <subfield code="a">Κύπρος και Ευρωπαική Ένωση :</subfield>
   <subfield code="b">Ευρωπαική κοινωνική πολιτική. Οι επιπτώσεις της πάνω στην κυπριακή επιχείρηση και το κυπριακό σύστημα εργασιακών σχέσεων /</subfield>
   <subfield code="c">Μίκης Σπαρσής.</subfield>
  </datafield>
  <datafield tag="246" ind1="3" ind2=" ">
   <subfield code="a">Ευρωπαική κοινωνική πολιτική :</subfield>
   <subfield code="b">οι επιπτώσεις της πάνω στην κυπριακή επιχείρηση και το κυπριακό σύστημα εργασιακών σχέσεων.</subfield>
  </datafield>
  <datafield tag="260" ind1=" " ind2=" ">
   <subfield code="a">Λευκωσία :</subfield>
   <subfield code="b">Κυπριακός Εργοδοτικός Σύνδεσμος Τραπεζών,</subfield>
   <subfield code="c">2001.</subfield>
  </datafield>
  <datafield tag="300" ind1=" " ind2=" ">
   <subfield code="a">139 σ. ;</subfield>
   <subfield code="c">24 εκ.</subfield>
  </datafield>
  <datafield tag="504" ind1=" " ind2=" ">
   <subfield code="a">Περιέχει βιβλιογραφία.</subfield>
  </datafield>
  <datafield tag="650" ind1=" " ind2="4">
   <subfield code="a">Κοινωνική πολιτική</subfield>
   <subfield code="z">Ευρωπαϊκή Ένωση, Χώρες της.</subfield>
  </datafield>
  <datafield tag="650" ind1=" " ind2="4">
   <subfield code="a">Social policy</subfield>
   <subfield code="z">European Union countries.</subfield>
  </datafield>
  <datafield tag="610" ind1="2" ind2="0">
   <subfield code="a">Ευρωπαϊκή Ένωση</subfield>
   <subfield code="z">Κύπρος..</subfield>
  </datafield>
  <datafield tag="610" ind1="2" ind2="0">
   <subfield code="a">European Union</subfield>
   <subfield code="z">Cyprys..</subfield>
  </datafield>
  <datafield tag="650" ind1=" " ind2="4">
   <subfield code="a">Industrial relations</subfield>
   <subfield code="z">Cyprys.</subfield>
  </datafield>
  <datafield tag="650" ind1=" " ind2="4">
   <subfield code="a">Εργασιακές σχέσεις</subfield>
   <subfield code="z">Κύπρος.</subfield>
  </datafield>
  <datafield tag="651" ind1=" " ind2="0">
   <subfield code="a">European Union countries</subfield>
   <subfield code="x">Social policy.</subfield>
  </datafield>
  <datafield tag="852" ind1=" " ind2=" ">
   <subfield code="a">INST</subfield>
   <subfield code="b">UNIPILB</subfield>
   <subfield code="c">MAIN</subfield>
   <subfield code="e">20141127</subfield>
   <subfield code="h">361.61 ΣΠΑ</subfield>
   <subfield code="p">00172226</subfield>
   <subfield code="q">00172226</subfield>
   <subfield code="t">LOAN</subfield>
   <subfield code="y">0</subfield>
   <subfield code="4">1</subfield>
  </datafield>
 </record>
</collection>
